000 00720nam a2200253Ia 4500
003 OSt
005 20220928105802.0
006 a|||||r|||| 00| 0
007 ta
008 220927b |||||||| |||| 00| 0 hin d
020 _c400
024 _a110373
037 _b1405, 06/01/2011, Kiran Book Service
_cTextual
040 _aSDCL
_cSDCL
_bhin
041 _2hin
_ahin
082 _aO152,1Nx, P6
100 _aBachhawat Manik
_9416764
245 0 _aKavita iss samay.
260 _aKolkata
_bSamakaaleen Srijan
_c2006
300 _a390p.
_ccm.
650 _aHindi
_9391598
942 _hO152,1Nx, P6
_cTEXL
_2CC
999 _c732706
_d732706